Беличья память: рассказы о жизни леса; для младшего школьного возраста

التفاصيل البيبلوغرافية
المؤلف الرئيسي: Пришвин М. М. Михаил Михайлович
مؤلفون آخرون: Воронков Н. (иллюстратор)
اللغة:الروسية
منشور في: Москва, Малыш, 1989
الموضوعات:
التنسيق: MixedMaterials كتاب
KOHA link:https://koha.lib.tpu.ru/cgi-bin/koha/opac-detail.pl?biblionumber=148196

MARC

LEADER 00000nam0a2200000 4500
001 148196
005 20231101221340.0
010 |a 5213003672 
020 |a RU  |b 89-58434 
035 |a (RuTPU)RU\TPU\book\160649 
090 |a 148196 
100 |a 20081127d1989 c y0rusy5003 ca 
101 0 |a rus 
102 |a RU 
105 |a a z 000ay 
200 1 |a Беличья память  |e рассказы о жизни леса  |e для младшего школьного возраста  |f М. М. Пришвин  |g худож. Н. Воронков 
210 |a Москва  |c Малыш  |d 1989 
215 |a 90,[5] с.  |c цв. ил.  |d 22x21 см 
610 1 |a Лес 
610 1 |a природа 
610 1 |a детская литература 
675 |a Р2  |z rus 
700 1 |a Пришвин  |b М. М.  |c русский писатель  |f 1873-1954  |g Михаил Михайлович  |2 stltpush  |3 (RuTPU)RU\TPU\pers\3661  |9 800 
702 1 |a Воронков  |b Н.  |4 440 
801 0 |a RU  |b RuMRKP  |c 19950417  |g psbo 
801 1 |a RU  |b 63413507  |c 20081127  |g PSBO 
801 2 |a RU  |b 63413507  |c 20081127  |g PSBO 
942 |c BK